000 00384pab a2200169 454500
008 180718b2013 xxu||||| |||| 00| 0 eng d
100 _aNayar, Kuldip
245 _aBlood and border
260 _c2013
300 _ap.23,32.
362 _a26 Jan
650 _aIndia - Boundaries - Pakistan
650 _aBorder disputes
773 _aMainstream
908 _aN
909 _a98153
999 _c98152
_d98152